London Underground Quiz #1 - Statistics

General Stats
  • This quiz has been taken 298 times
  • The average score is 8 of 18
Answer Stats
Question Answer % Correct
Busiest Station Waterloo
92%
Nickname of the London Underground Tube
80%
Line with the most stations District
74%
Line with the least stations Waterloo and City
74%
Station with the longest escalator Angel
61%
The Underground opened in this year 1863
51%
Most westerly station Amersham
47%
Station with the shortest escalator Stratford
45%
Oyster Card introduced in this year 2003
43%
Earliest trains on the whole network run on this line Piccadilly
43%
Station with the most platforms (for LU use) Baker Street
41%
The Jubilee line opened this year 1979
37%
This station was closed in 1994 Aldwych
35%
The most complained line in 2012 Jubilee
35%
Original name for Arsenal station Gillespie Road
23%
The first escalator in the whole network was installed here Earls Court
17%
Distance between the two closest adjacent stations (in metres) 260
8%
Cash fare from Oxford Circus to Piccadilly Circus £4.7
2%
No matching quizzes found
Score Distribution
Percent of People with Each Score
Percentile by Number Answered
Your Score History
You have not taken this quiz